| 000 | 00570nam a2200205 a 4500 | ||
|---|---|---|---|
| 005 | 20140310183218.0 | ||
| 008 | 030719s19uu xx 00 eng d | ||
| 020 | _a8171413587 | ||
| 050 |
_aHD 30.4 _b.T841 2003 |
||
| 100 | _aTrivedi, P. R. | ||
| 245 |
_aManagement Education / _cP.R. Trivedi. |
||
| 260 |
_aIndia : _bDiscovery Publishing House, _c2003. |
||
| 300 |
_a322 p. : _c22 cm. |
||
| 440 | _aDPH Education series | ||
| 521 | _aBSBA | ||
| 650 | _aManagement - study and teaching | ||
| 650 | _aBusiness education | ||
| 942 |
_cBK _2lcc _kFOR |
||
| 999 |
_c20275 _d20275 |
||